| Tag |
First Indicator |
Second Indicator |
Subfields |
| LEADER |
00000cam a2200000 a 4500 |
| 001 |
in00000083299 |
| 005 |
20151008061220.0 |
| 008 |
811120s1980 oncabf b 00100 eng |
| 010 |
|
|
|a 80001078
|
| 015 |
|
|
|a C***
|
| 020 |
|
|
|a 0385171226 :
|c $35.00
|
| 035 |
|
|
|a (OCoLC)07118739
|
| 035 |
|
|
|9 AAJ7570AM
|
| 039 |
0 |
|
|a 2
|b 3
|c 3
|d 3
|e 3
|
| 040 |
|
|
|a DLC
|c DLC
|d TXA
|d UtOrBLW
|
| 043 |
|
|
|a n-cn-yk
|
| 049 |
|
|
|a TXAM
|c [1196634]
|
| 050 |
0 |
0 |
|a QH106.2.Y84
|b K58
|
| 082 |
0 |
|
|a 508.719/1
|2 19
|
| 245 |
0 |
0 |
|a Kluane :
|b pinnacle of the Yukon /
|c John B. Theberge, editor ; with the assistance of George W. Douglas ; line drawings by Mary Theberge.
|
| 250 |
|
|
|a 1st ed.
|
| 264 |
|
1 |
|a Toronto :
|b Doubleday Canada ;
|a Garden City, N.Y. :
|b Doubleday & Co.,
|c 1980.
|
| 300 |
|
|
|a xi, 175 pages, 32 unnumbered pages of plates :
|b illustrations (some color), maps ;
|c 30 cm.
|
| 336 |
|
|
|a text
|b txt
|2 rdacontent
|
| 337 |
|
|
|a unmediated
|b n
|2 rdamedia
|
| 338 |
|
|
|a volume
|b nc
|2 rdacarrier
|
| 500 |
|
|
|a Maps on lining papers.
|
| 500 |
|
|
|a Includes index.
|
| 504 |
|
|
|a Bibliography: pages 167-169.
|
| 650 |
|
0 |
|a Natural history
|z Yukon
|z Kluane National Park.
|
| 651 |
|
0 |
|a Kluane National Park and Reserve (Yukon)
|
| 700 |
1 |
|
|a Theberge, John B.
|
| 700 |
1 |
|
|a Douglas, George W.
|q (George Wayne),
|d 1938-
|
| 999 |
|
|
|a MARS
|
| 999 |
f |
f |
|s 55c43d22-815d-360d-a7b1-35dbe0b868c0
|i 7480f021-5d49-339a-90a5-1f139c74abea
|t 0
|
| 952 |
f |
f |
|p ric
|a Texas A&M University
|b Rellis Campus
|c Joint Library Facility
|d Remote Storage
|t 0
|e QH106.2.Y84 K58
|h Library of Congress classification
|i unmediated -- volume
|m A14806216169
|
| 998 |
f |
f |
|a QH106.2.Y84 K58
|t 0
|l Remote Storage
|